000 00381nam a2200169Ia 4500
003 0STCL
008 150530s9999 xx 000 0 und d
040 _aSTCL
_cSTCL
100 _aPrabhakar Sharma
245 _aNaresh Mehtaka Kavya
260 _bPanch Sheel ; Jaipur
_c1979
300 _a0
546 _aHindi
942 _2ddc
_cBK
999 _c65553
_d65553
005 20220125171309.0